[Event "52nd Rubinstein Mem"]
[Site "Polanica Zdroj POL"]
[Date "2016.08.26"]
[Round "7.5"]
[White "Karpus, Michal"]
[Black "Cyborowski, Lukasz"]
[Result "0-1"]
[WhiteTitle "FM"]
[BlackTitle "GM"]
[WhiteElo "2240"]
[BlackElo "2526"]
[WhiteFideId "1174088"]
[BlackFideId "1108760"]
[EventDate "2016.08.20"]

1. e4 c5 2. Nf3 Nc6 3. d4 cxd4 4. Nxd4 Qb6 5. Nb3 Nf6 6. Nc3 e6 7. Qe2 d6 8. g4
a6 9. g5 Nd7 10. Bg2 Qc7 11. Be3 Be7 12. O-O-O b5 13. f4 Bb7 14. Rhe1 O-O 15. f5
b4 16. Nd5 exd5 17. exd5 Nce5 18. f6 gxf6 19. Be4 fxg5 20. Rg1 Ng6 21. Nd4 Nc5
22. Bf5 Rae8 23. Qh5 Bf6 24. Rg3 Rxe3 25. Rxe3 Bg7 26. Nf3 h6 27. Nxg5 hxg5 28.
Rh3 Re8 29. Bxg6 Re5 30. Bd3 Nxd3+ 31. Rhxd3 Qe7 32. Qg4 Re4 33. Qg1 Bc8 34. Qb6
Bg4 35. Qxa6 Bxd1 36. Rxd1 Qe5 37. Qc8+ Kh7 38. Qh3+ Rh4 39. Qb3 Qf4+ 40. Kb1
Rxh2 41. a3 bxa3 42. Qxa3 Qe4 43. Qb3 g4 0-1

[Event "52nd Rubinstein Mem"]
[Site "Polanica Zdroj POL"]
[Date "2016.08.26"]
[Round "7.6"]
[White "Kulas, Szymon"]
[Black "Malaniuk, Vladimir P"]
[Result "0-1"]
[BlackTitle "GM"]
[WhiteElo "2210"]
[BlackElo "2471"]
[WhiteFideId "1178989"]
[BlackFideId "14100177"]
[EventDate "2016.08.20"]

1. d4 Nf6 2. Nc3 d5 3. Bg5 Nbd7 4. e3 g6 5. Qf3 c6 6. e4 dxe4 7. Nxe4 Bg7 8.
O-O-O Nxe4 9. Qxe4 Nf6 10. Qe1 Qd5 11. Bxf6 Bxf6 12. Kb1 c5 13. Qa5 b6 14. Qa4+
Bd7 15. Bb5 O-O-O 16. Ne2 Bxb5 17. Qxb5 cxd4 18. Qa4 Kb7 19. f3 Qc6 20. Qb3 e6
21. Rd3 Rd5 22. a4 Rhd8 23. Rhd1 R8d7 24. Qb4 Qc5 25. Qb3 Bg7 26. R3d2 Qc6 27.
Qb4 e5 28. Qb3 f5 29. c3 d3 30. Nc1 e4 31. fxe4 fxe4 32. Qb4 e3 0-1

[Event "52nd Rubinstein Mem"]
[Site "Polanica Zdroj POL"]
[Date "2016.08.26"]
[Round "7.7"]
[White "Zebracki, Tomasz"]
[Black "Socko, Monika"]
[Result "1-0"]
[BlackTitle "GM"]
[WhiteElo "2172"]
[BlackElo "2454"]
[WhiteFideId "1181521"]
[BlackFideId "1106619"]
[EventDate "2016.08.20"]

1. e4 c5 2. Nf3 e6 3. c3 d5 4. exd5 Qxd5 5. d4 Nf6 6. Be2 Be7 7. dxc5 Qxd1+ 8.
Bxd1 Bxc5 9. Nbd2 O-O 10. Bc2 Nc6 11. Ne4 Nxe4 12. Bxe4 Bd7 13. Be3 Bxe3 14.
fxe3 Rfd8 15. O-O-O Be8 16. Rxd8 Rxd8 17. Rd1 Rxd1+ 18. Kxd1 f5 19. Bd3 Bh5 20.
Kc2 Bxf3 21. gxf3 Ne5 22. Be2 g5 23. c4 Kf7 24. Kc3 Kf6 25. b4 h5 26. c5 g4 27.
f4 Nf3 28. Bxf3 gxf3 29. Kd2 e5 30. fxe5+ Kxe5 31. Ke1 a6 32. Kf2 Ke4 33. h4 f4
34. exf4 Kxf4 35. a4 Ke4 36. a5 Kd4 37. Kxf3 Kc4 38. Kf4 Kxb4 39. Kg5 Kxc5 40.
Kxh5 b5 41. axb6 1-0

[Event "52nd Rubinstein Mem"]
[Site "Polanica Zdroj POL"]
[Date "2016.08.26"]
[Round "7.8"]
[White "Dubinski, Mateusz"]
[Black "Voloshin, Leonid"]
[Result "1/2-1/2"]
[WhiteTitle "CM"]
[BlackTitle "GM"]
[WhiteElo "2202"]
[BlackElo "2425"]
[WhiteFideId "1125923"]
[BlackFideId "311111"]
[EventDate "2016.08.20"]

1. d4 d5 2. c4 dxc4 3. e3 Nf6 4. Bxc4 e6 5. Nf3 c5 6. O-O a6 7. dxc5 Qxd1 8.
Rxd1 Bxc5 9. Be2 Ke7 10. Nbd2 Rd8 11. b3 b6 12. Bb2 Bb7 13. Ne5 Nbd7 14. Nd3
Rac8 15. Nc4 Bd5 16. Nxc5 Bxc4 17. Bxc4 Nxc5 18. f3 a5 19. Bd4 g6 20. Rd2 e5 21.
Bc3 Rxd2 22. Bxd2 Ne8 23. e4 Nd6 24. Bd5 Ne6 25. Rc1 Rxc1+ 26. Bxc1 Nf4 27. Bxf4
exf4 28. g3 g5 29. Kg2 Kf6 30. gxf4 gxf4 31. Kh3 Ke5 32. Bc6 b5 33. Kg4 b4 34.
Kg5 f5 35. exf5 Nxf5 36. Be4 Nd4 37. h4 h6+ 38. Kxh6 Kf6 39. Kh5 Ne2 40. Kg4 Nc3
41. Kxf4 Nxa2 42. Ke3 Nc3 43. Bc2 Ke5 44. f4+ Kf6 45. Kd4 Ne2+ 46. Ke4 Nc3+ 47.
Ke3 Nd5+ 48. Kf3 Nc3 49. h5 Kg7 50. f5 Nd5 51. Ke4 Nf6+ 52. Kd4 Nxh5 53. Kc4 Nf4
54. Kb5 Ne2 55. Kxa5 Nd4 56. Bd1 Nxf5 57. Kxb4 Nd4 1/2-1/2

[Event "52nd Rubinstein Mem"]
[Site "Polanica Zdroj POL"]
[Date "2016.08.26"]
[Round "7.9"]
[White "Gierulski, Kamil"]
[Black "Kanicki, Krzysztof"]
[Result "1/2-1/2"]
[WhiteElo "2216"]
[BlackElo "2177"]
[WhiteFideId "1163825"]
[BlackFideId "1163450"]
[EventDate "2016.08.20"]

1. e4 c5 2. Nf3 Nc6 3. d4 cxd4 4. Nxd4 Nf6 5. Nc3 d6 6. Bg5 e6 7. Qd2 a6 8.
O-O-O Bd7 9. f4 b5 10. a3 Qb6 11. e5 dxe5 12. Nf3 Nd5 13. Nxd5 exd5 14. Qxd5 Be6
15. Qe4 f5 16. Qe1 e4 17. g4 Bc5 18. gxf5 Bxf5 19. Nh4 Bf2 20. Qc3 Qe3+ 21. Qxe3
Bxe3+ 22. Kb1 O-O 23. Nxf5 Rxf5 24. Bh3 Rff8 25. Be6+ Kh8 26. Bd5 Rac8 27. Rhe1
Bf2 28. Rxe4 h6 29. Rd3 Kh7 30. Rh3 Kg6 31. Bh4 Bxh4 32. Rxh4 Rf6 33. Be6 Rd8
34. Rg4+ Kh7 35. Rg2 Rd4 36. Rxd4 Nxd4 37. Bc8 a5 38. Rg4 b4 39. axb4 axb4 40.
f5 Nxf5 41. Rxb4 Ne3 42. c3 g5 43. Re4 Nd5 44. Re5 Nf4 45. Bf5+ Kg7 46. b4 h5
47. c4 Rc6 48. Re4 Kf6 49. Bd7 Rc7 50. Ba4 Nd3 51. c5 Nxc5 52. bxc5 Rxc5 53. Bc2
Re5 54. Rd4 Re2 55. h3 Rh2 56. Rd3 g4 57. hxg4 hxg4 58. Bd1 Kg5 59. Rg3 Rh4 60.
Kc2 Kf4 61. Rg1 1/2-1/2

[Event "52nd Rubinstein Mem"]
[Site "Polanica Zdroj POL"]
[Date "2016.08.26"]
[Round "7.10"]
[White "Pavlov, Sergey2"]
[Black "Kowalski, Igor"]
[Result "1-0"]
[WhiteTitle "IM"]
[WhiteElo "2473"]
[BlackElo "2055"]
[WhiteFideId "14114330"]
[BlackFideId "1172468"]
[EventDate "2016.08.20"]

1. c4 Nf6 2. Nc3 e6 3. e4 d5 4. e5 d4 5. exf6 dxc3 6. bxc3 Qxf6 7. Nf3 Bd6 8. d4
h6 9. Bd3 O-O 10. Qe2 c5 11. h4 Qd8 12. O-O Nc6 13. Rd1 Qc7 14. Be3 b6 15. Nd2
f5 16. Nb3 Ne7 17. Bc2 Rf6 18. dxc5 bxc5 19. Qd3 e5 20. Bxc5 Bxc5 21. Qd8+ Qxd8
22. Rxd8+ Kh7 23. Nxc5 Rc6 24. Nd7 Bb7 25. Rxa8 Bxa8 26. Nxe5 Rc5 27. Re1 Ra5
28. a4 Kg8 29. c5 Be4 30. Bxe4 fxe4 31. Rxe4 1-0

[Event "52nd Rubinstein Mem"]
[Site "Polanica Zdroj POL"]
[Date "2016.08.26"]
[Round "7.11"]
[White "Piotrowski, Przemyslaw"]
[Black "Kucza, Karol"]
[Result "1/2-1/2"]
[BlackTitle "FM"]
[WhiteElo "2155"]
[BlackElo "2307"]
[WhiteFideId "1127063"]
[BlackFideId "1159755"]
[EventDate "2016.08.20"]

1. d4 d5 2. Nf3 Nf6 3. g3 c6 4. Bg2 Bf5 5. O-O e6 6. c4 Be7 7. b3 O-O 8. Nc3 Ne4
9. Bb2 Nd7 10. Nd2 Nxc3 11. Bxc3 Nf6 12. Re1 a5 13. e4 Nxe4 14. Nxe4 Bxe4 15.
Bxe4 dxe4 16. Rxe4 Bf6 17. Qf3 a4 18. Bb4 Re8 19. Rd1 axb3 20. Qxb3 b5 21. cxb5
Qd5 22. Qxd5 cxd5 23. Re3 Reb8 24. a3 Rxb5 25. Rc3 Rb7 26. Kf1 h5 27. Ke2 Ra4
28. Kd3 Kh7 29. h4 Kg6 30. Kc2 Kf5 31. Rf3+ Kg4 32. Rdd3 Ra8 33. Rf4+ Kh3 34.
Bd6 Rc8+ 35. Rc3 Rxc3+ 36. Kxc3 Rd7 37. Bc5 e5 38. Rf3 e4 39. Rf5 e3 40. fxe3
Kg4 41. Rf1 Kxg3 42. a4 Bxh4 43. Rg1+ Kf3 44. Rxg7 Bg3 45. Rh7 h4 46. a5 Kg2 47.
a6 Rd8 48. Rxf7 h3 49. Rf8 h2 50. Rxd8 h1=Q 51. a7 Qb1 52. Rg8 Kh2 53. Rh8+ Kg1
54. Rg8 Kh2 55. Rxg3 Qa1+ 56. Kb4 Kxg3 57. Kb5 Qf1+ 58. Kb6 Qf6+ 59. Kb7 Qf7+
60. Kb8 Qe8+ 61. Kb7 Qd7+ 62. Kb8 Qd8+ 1/2-1/2

[Event "52nd Rubinstein Mem"]
[Site "Polanica Zdroj POL"]
[Date "2016.08.26"]
[Round "7.12"]
[White "Leks, Maria"]
[Black "Grela, Kacper"]
[Result "0-1"]
[WhiteTitle "WCM"]
[BlackTitle "FM"]
[WhiteElo "2142"]
[BlackElo "2274"]
[WhiteFideId "1134957"]
[BlackFideId "1154141"]
[EventDate "2016.08.20"]

1. e4 c5 2. Nf3 Nc6 3. Bb5 Nf6 4. d3 g6 5. Bxc6 dxc6 6. O-O Bg7 7. a4 O-O 8. h3
Ne8 9. Na3 e5 10. Nc4 Qe7 11. Be3 Nc7 12. a5 f6 13. Qe1 Ne6 14. c3 Bd7 15. Nfd2
Nf4 16. Bxf4 exf4 17. Qe2 Be6 18. Qf3 Qc7 19. b4 cxb4 20. cxb4 f5 21. Rac1 Rad8
22. Nb3 fxe4 23. dxe4 Qf7 24. Nbd2 Rd4 25. Qe2 Qe7 26. Nf3 Rdd8 27. Rb1 g5 28.
b5 h5 29. Nfd2 g4 30. hxg4 hxg4 31. bxc6 bxc6 32. a6 Qh4 33. Rb3 Rf6 34. g3 Qh5
35. f3 Rh6 36. Kf2 Qh2+ 37. Ke1 Qxg3+ 38. Qf2 Qxf2+ 39. Rxf2 g3 40. Rg2 Rh2 0-1

[Event "52nd Rubinstein Mem"]
[Site "Polanica Zdroj POL"]
[Date "2016.08.26"]
[Round "7.13"]
[White "Pacan-Milej, Kosma"]
[Black "Zaleski, Lukasz"]
[Result "1/2-1/2"]
[WhiteElo "2127"]
[BlackElo "2219"]
[WhiteFideId "21800537"]
[BlackFideId "1172611"]
[EventDate "2016.08.20"]

1. d4 Nf6 2. c4 e6 3. Nf3 b6 4. g3 Bb7 5. Bg2 Bb4+ 6. Bd2 Bxd2+ 7. Qxd2 O-O 8.
O-O d6 9. Nc3 Nbd7 10. Qc2 Re8 11. e4 e5 12. d5 a5 13. Nd2 Nc5 14. b3 c6 15.
dxc6 Bxc6 16. a4 Ne6 17. Ne2 Qc7 18. Nb1 Rac8 19. Rd1 Red8 20. Nbc3 Qb7 21. Rd2
Nc5 22. f3 Na6 23. Rad1 Nb4 24. Qb1 Qe7 25. Na2 Nxa2 26. Rxa2 Ne8 27. Qd3 Nc7
28. Qe3 Rb8 29. Rad2 Ne6 30. Nc3 Nd4 31. Ne2 Ne6 32. Nc3 Nd4 33. Ne2 Ne6 1/2-1/2

[Event "52nd Rubinstein Mem"]
[Site "Polanica Zdroj POL"]
[Date "2016.08.26"]
[Round "7.14"]
[White "Lukasiewicz, Krzysztof"]
[Black "Chmiel, Marcin"]
[Result "0-1"]
[WhiteElo "2120"]
[BlackElo "2194"]
[WhiteFideId "1166042"]
[BlackFideId "1135503"]
[EventDate "2016.08.20"]

1. e4 c5 2. Nf3 Nc6 3. d4 cxd4 4. Nxd4 g6 5. c4 Nf6 6. Nc3 Nxd4 7. Qxd4 d6 8.
Be3 Bg7 9. f3 O-O 10. Qd2 a5 11. Be2 a4 12. O-O Qa5 13. Rac1 Be6 14. Rfd1 Rfc8
15. Nd5 Qxd2 16. Bxd2 Nxd5 17. cxd5 Bd7 18. b3 axb3 19. axb3 Rxc1 20. Bxc1 f5
21. Bg5 Kf7 22. exf5 Bxf5 23. Bd3 Bd7 24. Re1 Bf6 25. Bxf6 Kxf6 26. Rc1 b5 27.
b4 Ra3 28. Be2 Rb3 29. Rc7 Be8 30. Rc8 Kf7 31. f4 Bd7 32. Rd8 Bf5 33. Bxb5 Rxb4
34. Be8+ Kf6 35. g3 Be4 36. Bc6 Rb2 37. Rf8+ Kg7 38. Re8 Kf7 39. Rh8 Rg2+ 40.
Kf1 Rxh2 41. g4 h5 42. gxh5 gxh5 43. Be8+ Kg7 44. Rxh5 Ra2 45. Rg5+ Kf6 46. Rg8
Bxd5 47. Rf8+ Kg7 48. Rf5 Be6 49. Rg5+ Kf8 50. Bc6 Rc2 51. Bd5 Bxd5 52. Rxd5 Kf7
53. Rd4 Ke6 54. Re4+ Kf6 55. Ra4 d5 56. Ra6+ e6 57. Ra8 Rc4 58. Rf8+ Ke7 59. Ra8
Rxf4+ 60. Ke2 Kd6 61. Ra6+ Ke5 62. Ke3 Rh4 63. Ra7 Rh3+ 64. Kd2 Ke4 65. Rg7 d4
66. Rg4+ Kd5 67. Rg8 e5 68. Rg7 Rh2+ 69. Kd1 e4 70. Rc7 e3 0-1

[Event "52nd Rubinstein Mem"]
[Site "Polanica Zdroj POL"]
[Date "2016.08.26"]
[Round "7.15"]
[White "Czerw, Dawid"]
[Black "Faron, Rafal"]
[Result "1/2-1/2"]
[WhiteElo "2179"]
[BlackElo "2008"]
[WhiteFideId "1145746"]
[BlackFideId "1149768"]
[EventDate "2016.08.20"]

1. d4 d5 2. c4 dxc4 3. Nf3 Nf6 4. e3 Bg4 5. Bxc4 e6 6. O-O Nbd7 7. Nc3 Bb4 8. a3
Bxc3 9. bxc3 O-O 10. Be2 c5 11. a4 Qc7 12. Ne1 Bxe2 13. Qxe2 e5 14. dxe5 Qxe5
15. Bb2 Qe6 16. f3 Rfd8 17. e4 Ne5 18. Bc1 Qb3 19. Qf2 b6 20. a5 Nc4 21. axb6
axb6 22. Rxa8 Rxa8 23. Qc2 Qxc2 24. Nxc2 Rd8 25. Ne3 Nxe3 26. Bxe3 Rd3 27. Bg5
Nd7 28. Rc1 f6 29. Bh4 Ne5 30. Be1 Nc4 31. Kf1 Kf7 32. Ke2 Rd7 33. Ra1 Ke6 1/2-1/2

[Event "52nd Rubinstein Mem"]
[Site "Polanica Zdroj POL"]
[Date "2016.08.26"]
[Round "7.16"]
[White "Rozycki, Bartlomiej"]
[Black "Gumularz, Szymon"]
[Result "1/2-1/2"]
[WhiteElo "2118"]
[BlackElo "2260"]
[WhiteFideId "1106996"]
[BlackFideId "1188062"]
[EventDate "2016.08.20"]

1. e4 e5 2. Nf3 Nc6 3. Bc4 Bc5 4. O-O Nf6 5. d3 d6 6. c3 a6 7. a4 Ba7 8. Be3 O-O
9. Bxa7 Rxa7 10. Nbd2 Be6 11. Re1 Re8 12. Qc2 Ra8 13. Rad1 Bxc4 14. Nxc4 b5 15.
Ne3 Qb8 16. Nf5 Ne7 17. Nxe7+ Rxe7 18. Nh4 bxa4 19. Nf5 Re6 20. Ra1 Qb3 21. Qd2
g6 22. Ra3 Qb5 23. Rea1 Rb8 24. R1a2 d5 25. exd5 Qxd5 26. Ne3 Qd7 27. Rxa4 Rd6
28. Rxa6 Rxd3 29. Qe1 Ng4 30. Ra8 Rxa8 31. Rxa8+ Kg7 32. Nf1 Qd5 33. Re8 Qd7 34.
Qe2 Rd6 35. Rb8 Qf5 36. h3 Nf6 37. Rb5 Re6 38. Ne3 Qe4 39. Rb4 Qa8 40. Qc4 c6
41. Ra4 Qb7 42. b4 Qd7 43. Ra2 Rd6 44. Qc5 Qe6 45. Ra7 h5 46. b5 cxb5 47. Qxb5
Rb6 48. Qc4 Qxc4 49. Nxc4 Re6 50. Ne3 Rc6 1/2-1/2

[Event "52nd Rubinstein Mem"]
[Site "Polanica Zdroj POL"]
[Date "2016.08.26"]
[Round "7.17"]
[White "Lewtak, Damian"]
[Black "Chomczyk, Marek"]
[Result "1-0"]
[WhiteElo "2389"]
[BlackElo "2131"]
[WhiteFideId "1141724"]
[BlackFideId "1125826"]
[EventDate "2016.08.20"]

1. Nf3 Nf6 2. c4 e6 3. b3 d5 4. Bb2 Be7 5. g3 O-O 6. Bg2 c5 7. O-O Nc6 8. d4
dxc4 9. bxc4 cxd4 10. Nxd4 Bd7 11. Nxc6 Bxc6 12. Bxc6 Qxd1 13. Rxd1 bxc6 14. Nd2
Rfd8 15. Rab1 h6 16. Bxf6 Bxf6 17. Ne4 Be7 18. Rxd8+ Rxd8 19. e3 f5 20. Rb7 Kf8
21. Nc3 Rd3 22. Ne2 Bc5 23. Nf4 Rd6 24. Ng6+ Kg8 25. h4 h5 26. Ne5 Rd1+ 27. Kg2
Rd2 28. Nf3 Rd6 29. Ng5 Kf8 30. Rf7+ Kg8 31. Re7 Kf8 32. Rxe6 Rd2 33. Re5 Bb6
34. c5 1-0

[Event "52nd Rubinstein Mem"]
[Site "Polanica Zdroj POL"]
[Date "2016.08.26"]
[Round "7.18"]
[White "Mazalon, Mariusz"]
[Black "Kowalczyk, Rafal"]
[Result "1-0"]
[WhiteElo "2057"]
[BlackElo "2215"]
[WhiteFideId "1103105"]
[BlackFideId "1133853"]
[EventDate "2016.08.20"]

1. d4 Nf6 2. c4 e6 3. Nc3 Bb4 4. e3 b6 5. Ne2 Bb7 6. a3 Be7 7. f3 d5 8. cxd5
exd5 9. g3 O-O 10. Bg2 c5 11. O-O Nc6 12. g4 h6 13. Ng3 cxd4 14. exd4 Nxd4 15.
f4 Qd7 16. g5 hxg5 17. fxg5 Nh7 18. h4 Rad8 19. b4 Ne6 20. Ra2 a5 21. Qg4 Rc8
22. Nxd5 Bxd5 23. Rd2 Rc4 24. Qxc4 Bxc4 25. Rxd7 Bxf1 26. Bxf1 Re8 27. Nf5 Bf8
28. Bd2 axb4 29. axb4 Rd8 30. Rxd8 Nxd8 31. Ne3 Nc6 32. Nd5 Bd6 33. Kg2 Nf8 34.
b5 Ne5 35. Nxb6 Ne6 36. Nc4 Nxc4 37. Bxc4 g6 38. Bxe6 fxe6 39. Kf3 Kf7 40. Ke4
Ke8 41. b6 Kd7 42. Bf4 1-0

[Event "52nd Rubinstein Mem"]
[Site "Polanica Zdroj POL"]
[Date "2016.08.26"]
[Round "7.19"]
[White "Wisniewski, Michal"]
[Black "Luba, Lukasz"]
[Result "0-1"]
[WhiteElo "2197"]
[BlackElo "2117"]
[WhiteFideId "1159682"]
[BlackFideId "1117289"]
[EventDate "2016.08.20"]

1. e4 e6 2. d4 d5 3. exd5 exd5 4. Nf3 h6 5. c4 Nf6 6. Bd3 Bb4+ 7. Bd2 Bxd2+ 8.
Nbxd2 O-O 9. O-O Be6 10. c5 Nbd7 11. b4 Re8 12. h3 c6 13. Qc2 Nh5 14. Rfe1 Qf6
15. a4 Nf4 16. b5 g5 17. Ne5 Bxh3 18. gxh3 Nxh3+ 19. Kh2 Qxf2+ 20. Kxh3 Nxe5 21.
dxe5 h5 22. Bf5 Kh8 23. Rg1 Rxe5 0-1

[Event "52nd Rubinstein Mem"]
[Site "Polanica Zdroj POL"]
[Date "2016.08.26"]
[Round "7.20"]
[White "Praczukowski, Stanislaw"]
[Black "Goslawski, Michal"]
[Result "1-0"]
[WhiteElo "2096"]
[BlackElo "2168"]
[WhiteFideId "1182730"]
[BlackFideId "1171259"]
[EventDate "2016.08.20"]

1. d4 Nf6 2. c4 e6 3. Nf3 d5 4. Nc3 c5 5. cxd5 cxd4 6. Qxd4 exd5 7. e3 Nc6 8.
Bb5 Bd6 9. O-O O-O 10. Qd2 Be6 11. b3 Qe7 12. Bb2 Rad8 13. Rfd1 Bb8 14. Rac1 Qd6
15. g3 Bg4 16. Be2 Qd7 17. Nb5 Qf5 18. Nbd4 Nxd4 19. Nxd4 Qh5 20. Bxg4 Nxg4 21.
Nf3 Qh3 22. Qe2 Rfe8 23. Rc5 Qh5 24. Rd2 b6 25. Rc1 f5 26. Qd1 f4 27. exf4 Bxf4
28. gxf4 Re6 29. Be5 Rg6 30. Kf1 Nxh2+ 31. Nxh2 Qxh2 32. Ke2 Rg2 33. Qf1 Qh5+
34. Kd3 Qf3+ 35. Kc2 d4 36. Qc4+ Kh8 37. Bxd4 Rf8 38. Be5 Rg6 39. Kb2 h5 40. Qe2 1-0

[Event "52nd Rubinstein Mem"]
[Site "Polanica Zdroj POL"]
[Date "2016.08.26"]
[Round "7.21"]
[White "Psyk, Radoslaw"]
[Black "Kiedowski, Artur"]
[Result "1-0"]
[WhiteElo "2161"]
[BlackElo "1709"]
[WhiteFideId "1182838"]
[BlackFideId "21844526"]
[EventDate "2016.08.20"]

1. e4 g6 2. d4 Bg7 3. Nc3 d6 4. Be3 Nf6 5. Qd2 O-O 6. f3 c6 7. g4 e5 8. O-O-O
Qc7 9. h4 h5 10. gxh5 Nxh5 11. Nh3 Nd7 12. f4 Ndf6 13. dxe5 dxe5 14. Bc5 Re8 15.
Bd6 Qa5 16. fxe5 Ng4 17. Bc4 Nxe5 18. Bxe5 Bxe5 19. Qh6 Be6 20. Bxe6 Rxe6 21.
Ng5 Bf4+ 22. Kb1 Bxg5 23. hxg5 Re5 24. Rxh5 gxh5 25. g6 Qc7 26. g7 f6 27. Qh8+
Kf7 28. Qxa8 Kxg7 29. Qxa7 h4 30. Qf2 Rh5 31. Rg1+ Rg5 32. Rf1 f5 33. Qxh4 Rg4
34. Qf2 fxe4 35. Qf6+ 1-0

[Event "52nd Rubinstein Mem"]
[Site "Polanica Zdroj POL"]
[Date "2016.08.26"]
[Round "7.22"]
[White "Samborski, Henryk"]
[Black "Jankowiak, Tomasz"]
[Result "1-0"]
[WhiteElo "2114"]
[BlackElo "1815"]
[WhiteFideId "1103849"]
[BlackFideId "1185357"]
[EventDate "2016.08.20"]

1. Nf3 d5 2. g3 Nf6 3. Bg2 Bf5 4. O-O e6 5. d3 Be7 6. Nh4 Bg4 7. h3 Bh5 8. g4
Nfd7 9. gxh5 Bxh4 10. c4 c6 11. cxd5 cxd5 12. Nc3 O-O 13. Bf4 Nc6 14. e3 a6 15.
Qg4 Nce5 16. Qe2 Rc8 17. d4 Nc4 18. Rac1 Be7 19. e4 Nf6 20. e5 Nd7 21. b3 Ncb6
22. Qg4 Kh8 23. Ne2 Rxc1 24. Rxc1 Na8 25. Rc3 Rg8 26. Bg3 Bb4 27. Rf3 Rf8 28.
Nf4 Be7 29. Bf1 Nc7 30. Bd3 Qe8 31. Bh4 Bxh4 32. Qxh4 Nb5 33. Ne2 f5 34. exf6
Rxf6 35. Rxf6 gxf6 36. Qg4 Qg8 37. Bxb5 axb5 38. Nf4 Nf8 39. Kf1 f5 40. Qe2 Qf7
41. Qxb5 Kg7 42. Qb6 Qe7 43. a4 Qd7 44. Kg2 Kf7 45. Qb4 Qc7 46. Qd2 Nd7 47. Nd3
Ke8 48. Qh6 Nf8 49. Ne5 Qe7 50. Nf3 Qb4 51. Qe3 Ke7 52. Qg5+ Ke8 53. Qf4 Nd7 54.
Ng5 Qe7 55. h4 Kd8 56. Qe3 Nf8 57. Qe5 Kc8 58. Qh8 Kc7 59. Qxf8 1-0

[Event "52nd Rubinstein Mem"]
[Site "Polanica Zdroj POL"]
[Date "2016.08.26"]
[Round "7.23"]
[White "Betkowski, Andrzej"]
[Black "Lis, Mateusz"]
[Result "1-0"]
[WhiteElo "2111"]
[BlackElo "1994"]
[WhiteFideId "1102036"]
[BlackFideId "1184733"]
[EventDate "2016.08.20"]

1. e4 c5 2. Nc3 a6 3. Nge2 e6 4. d4 cxd4 5. Nxd4 b5 6. g3 Bb7 7. Bg2 Nf6 8. O-O
b4 9. Na4 Nxe4 10. Re1 d5 11. Nxe6 fxe6 12. Qh5+ g6 13. Qe5 Qf6 14. Rxe4 Qxe5
15. Rxe5 Kf7 16. Bh3 Nc6 17. Bxe6+ Kf6 18. Bg5+ Kxe5 19. Re1+ Kd6 20. Bf4+ Ne5
21. Bxe5+ Kxe6 22. Bxh8+ Kf7 23. Nb6 Rd8 24. Bd4 Bc6 25. Re3 Be7 26. b3 Rb8 27.
c4 dxc4 28. Nxc4 Ba8 29. Ne5+ Ke8 30. Nd3 Kf8 31. Bc5 Bxc5 32. Nxc5 Rc8 33. Nd7+
Kf7 34. Ne5+ Kf6 35. Ng4+ Kg5 36. f3 Bxf3 37. Rxf3 Kxg4 38. Rf4+ Kh5 39. Rxb4
Rc1+ 40. Kg2 Rc2+ 41. Kf3 Rxa2 42. Rh4+ Kg5 43. Rxh7 Ra3 44. Rb7 a5 45. h4+ Kf6
46. Kf4 a4 47. Rb6+ Kg7 48. b4 Rd3 49. b5 a3 50. Ra6 Rb3 51. b6 Kh6 52. g4 Rb4+
53. Kf3 Rb3+ 54. Ke2 Rb2+ 55. Kd3 a2 56. Kc3 Rxb6 57. Rxa2 g5 58. h5 Rf6 59. Ra4
Rf3+ 60. Kd2 Rf6 61. Ke3 Kg7 62. Re4 Rf1 63. Kd4 Rd1+ 64. Ke5 Rf1 65. Rd4 Kh7
66. Rd7+ Kh8 67. Rd6 Rf4 68. Rh6+ Kg7 69. Rg6+ Kf7 70. Rxg5 Ra4 71. h6 Ra5+ 72.
Kf4 Ra4+ 73. Kg3 Ra3+ 74. Kh4 Ra1 75. Rg7+ Kf6 76. g5+ Kf5 77. h7 Rh1+ 78. Kg3
Rh5 79. g6 1-0

[Event "52nd Rubinstein Mem"]
[Site "Polanica Zdroj POL"]
[Date "2016.08.26"]
[Round "7.24"]
[White "Gromczak, Dariusz"]
[Black "Maj, Pawel"]
[Result "0-1"]
[WhiteElo "2036"]
[BlackElo "2087"]
[WhiteFideId "1106155"]
[BlackFideId "21818290"]
[EventDate "2016.08.20"]

1. e4 c5 2. Nc3 Nc6 3. Bb5 Nd4 4. Bc4 e6 5. Nf3 Ne7 6. O-O d5 7. exd5 exd5 8.
Nxd5 Nxd5 9. Nxd4 cxd4 10. Qh5 Be6 11. Re1 Nc7 12. Bxe6 Nxe6 13. Rxe6+ Be7 14.
Qb5+ Qd7 15. Re5 Qxb5 16. Rxb5 O-O-O 17. d3 a6 18. Re5 Bf6 19. Re2 Rd6 20. Bf4
Rb6 21. c4 dxc3 22. bxc3 Rd8 23. d4 Rc6 24. Re3 Kd7 25. Rb1 b5 26. g4 Rdc8 27.
Rb3 Bd8 28. Rf3 Ke6 29. Kf1 Rc4 30. Bd2 Ra4 31. Rb2 f6 32. Ke2 Ba5 33. Rc2 Rxd4
34. Re3+ Kd7 35. Rd3 Rxd3 36. Kxd3 Rc4 37. h3 Bc7 38. Rb2 Kc6 39. Be3 Be5 40.
Rb3 Ra4 41. a3 Kd5 42. Bc1 Bd6 43. f3 g6 44. Kc2 f5 45. Be3 Rxa3 46. Rb1 Ra2+
47. Kb3 Ra3+ 48. Kb2 Ra4 49. Rd1+ Kc6 50. Kb3 a5 51. Bd4 Rc4 52. Re1 a4+ 53. Kb2
b4 54. Re8 Kd5 55. Ra8 bxc3+ 56. Bxc3 Ba3+ 57. Kxa3 Rxc3+ 58. Kb2 Rxf3 59. Ra5+
Ke6 60. gxf5+ Rxf5 61. Rxa4 Rc5 62. Rf4 g5 63. Rf8 h5 0-1

[Event "52nd Rubinstein Mem"]
[Site "Polanica Zdroj POL"]
[Date "2016.08.26"]
[Round "7.25"]
[White "Sliwerski, Radoslaw"]
[Black "Korpalski, Maciej"]
[Result "1-0"]
[WhiteElo "2077"]
[BlackElo "1915"]
[WhiteFideId "1115308"]
[BlackFideId "1126199"]
[EventDate "2016.08.20"]

1. d4 Nf6 2. Nf3 g6 3. g3 Bg7 4. Bg2 O-O 5. c4 d6 6. Nc3 Nbd7 7. O-O e5 8. e4 c6
9. b3 Qb6 10. h3 exd4 11. Nxd4 Ng4 12. Nde2 Qa5 13. hxg4 Bxc3 14. Nxc3 Qxc3 15.
Bf4 Nf6 16. Qxd6 Nxg4 17. Rac1 Qa5 18. f3 g5 19. b4 Qb6+ 20. c5 Qxb4 21. Bxg5 f6
22. fxg4 fxg5 23. Qxf8# 1-0

[Event "52nd Rubinstein Mem"]
[Site "Polanica Zdroj POL"]
[Date "2016.08.27"]
[Round "8.1"]
[White "Szelag, Marcin"]
[Black "Nowak, Kamil"]
[Result "1/2-1/2"]
[WhiteTitle "IM"]
[WhiteElo "2443"]
[BlackElo "2240"]
[WhiteFideId "1112228"]
[BlackFideId "1168681"]
[EventDate "2016.08.20"]

1. e4 e5 2. Nf3 Nc6 3. Bb5 a6 4. Ba4 Nf6 5. O-O Be7 6. Re1 b5 7. Bb3 d6 8. c3
O-O 9. h3 Na5 10. Bc2 c5 11. d4 Nd7 12. Nbd2 exd4 13. cxd4 Nc6 14. d5 Nce5 15.
a4 Bb7 16. Nxe5 Nxe5 17. f4 Ng6 18. Nf3 Bh4 19. Rf1 Bf6 20. e5 Be7 21. Be4 f5
22. exf6 Bxf6 23. Bf5 Kh8 24. Be6 Qb6 25. a5 Qc7 26. g4 Rae8 27. g5 Rxe6 28.
dxe6 Bd4+ 29. Kh2 Qc6 30. Qe2 Qd5 31. Ra3 Ne7 32. Nxd4 cxd4 33. Re1 Nf5 34. Rd3
Re8 35. Qf2 Rxe6 36. Rdd1 Rxe1 37. Rxe1 g6 38. Bd2 Bc6 39. Rd1 Nh4 40. Bc3 Nf3+
41. Kg3 h5 42. Bxd4+ Kg8 43. Qe3 Qf5 44. Bc3 h4+ 45. Kf2 Nxg5 46. Ke2 Ne4 47.
Ke1 Kf7 48. Bd4 g5 49. fxg5 Nxg5 50. Kd2 Bd5 51. Kc3 Qc8+ 52. Kd2 Nf3+ 53. Ke2
Qc2+ 54. Rd2 Nxd2 55. Qf4+ Ke8 56. Qxd2 Bf3+ 57. Ke1 Qxd2+ 58. Kxd2 Bg2 59. Bf2
Bxh3 60. b4 1/2-1/2